1452 1774 1383 1531 1311 1718 1061 1797 1427 1944 1298 1499 1783 1872 1142 1697 1573 1803 1061 1334 1644 1121 1825 1828 1283 1938 1879 1914 1214 1426 1905 1952 1594 1434 1089 1028 1820 1437 1067 1895 1036 1933 1270 1575 1631 1841 1124 1012 1548 1375 1214 1369 1552 1677 1071 1970 1405 1021 1748 1158 1599 1913 1793 1442 1371 1978 1220 1619 1153 1392 1869 1332 1264 1948 1952 1389 1106 1274 1227 1239 1534 1185 1564 1526 1100 1943 1280 1242 1629 1556 1295 1130 1247 1301 1120 1074 1758 1408 1063 BCNSPRNW ULIB Ver.6.0+V

เปลี่ยนเป็นภาษาไทย

Change to English
 แสดงรายละเอียดบรรณานุกรม
  กลับหน้าหลัก

Brief Record : Get Marc (ISO 2709) : E-mail record : QR code < ปิดหน้าต่าง
LEADER : 00000nam 2200000uu 4500
001    13399120666
003     ULIB
008    121002s2546||||th 000 0 tha d
020    ^a9745347043
060  4 ^aWM55^bส721จ
100 0  ^aสิทธิโชค วรานุสันติกูล
245 10 ^aจิตวิทยาสังคม :^bทฤษฏีและการประยุกต์ = Social psychology:^btheories and applications /^cสิทธิโชค วรานุสันติกูล
246 31 ^aSocial psychology: theories and applications
260    ^aกรุงเทพฯ :^bซีเอ็ดยูเคชั่น,^c2546
300    ^a346 หน้า ;^c26 ซม.
650  7 ^aจิตวิทยาสังคม
945    ^p220^l0^i12112
945    ^p220^l0^i12113
945    ^p220^l0^i24728
995    ^aทศพร
999 ^a ทศพร
รายการนี้ยังไม่มีแท็ก
คุณยังไม่ได้ล็อกอิน คุณสามารถมีกิจกรรมร่วมกับเว็บไซต์ได้ แต่ต้องล็อกอินก่อน ::
  ล็อกอิน

รายการสื่อสารสนเทศ

ลำดับที่ ประเภท เลขเรียก/บาร์โค้ด สถานที่ สถานะ
1. วิทยาศาสตร์การแพทย์ และสุขภาพ
วิทยาศาสตร์การแพทย์ และสุขภาพ
WM55 ส721จ  
  Barcode: 12112
ห้องสมุดวิทยาเขตสวรรค์ประชารักษ์
►หนังสือทั่วไป
บนชั้น
2. วิทยาศาสตร์การแพทย์ และสุขภาพ
วิทยาศาสตร์การแพทย์ และสุขภาพ
WM55 ส721จ ฉ.2 
  Barcode: 12113
ห้องสมุดวิทยาเขตสวรรค์ประชารักษ์
►หนังสือทั่วไป
บนชั้น
3. วิทยาศาสตร์การแพทย์ และสุขภาพ
วิทยาศาสตร์การแพทย์ และสุขภาพ
WM55 ส721จ ฉ.3 
  Barcode: 24728
ห้องสมุดวิทยาเขตสวรรค์ประชารักษ์
►หนังสือทั่วไป
บนชั้น

รายการใกล้เคียง
    ผู้แต่ง [สิทธิโชค วรานุสันติกูล]

    หัวเรื่อง [จิตวิทยาสังคม]

BibComment


ยังไม่เคยถูกคอมเมนท์

คอมเมนท์ทรัพยากรรายการนี้
  คอมเมนท์: จิตวิทยาสังคม ท..


 Copyright 2026. Bcnsprnw @Library